000 00596nam a2200193Ia 4500
003 IN-BaIIA
008 211028s9999 xx 000 0 eng d
040 _cIIA Library
080 _a083.7:696.141.1
_bISI
110 _aIndian Standards Institution
245 0 _aIndian standard specification for automatic flushing cisterns for urinals
_cIndian Standards Institution
260 _aNew Delhi
_bIndian Standards Institution
_c1971
300 _a7p.
500 _aIS 2326 : 1970
650 _a Sanitary Appliances
_98877
650 _a Standards 
650 _aNASA Thesaurus 
942 _cBK
999 _c4969
_d4969